Frankfurt School Perspectives on Globalization, Democracy, and the Law / (Record no. 15440)
[ view plain ]
| 000 -LEADER | |
|---|---|
| fixed length control field | 01761cam a2200385 a 4500 |
| 001 - CONTROL NUMBER | |
| control field | 14960750 |
| 005 - DATE AND TIME OF LATEST TRANSACTION | |
| control field | 20101223072922.0 |
| 008 - FIXED-LENGTH DATA ELEMENTS--GENERAL INFORMATION | |
| fixed length control field | 070810s2008 nyu b 001 0 eng |
| 010 ## - LIBRARY OF CONGRESS CONTROL NUMBER | |
| LC control number | 2007032565 |
| 020 9# - INTERNATIONAL STANDARD BOOK NUMBER | |
| International Standard Book Number | 041570183X |
| 020 9# - INTERNATIONAL STANDARD BOOK NUMBER | |
| International Standard Book Number | 9780415701839 |
| 035 ## - SYSTEM CONTROL NUMBER | |
| System control number | (OCoLC)ocn165082240 |
| 035 ## - SYSTEM CONTROL NUMBER | |
| System control number | (OCoLC)165082240 |
| 040 ## - CATALOGING SOURCE | |
| Original cataloging agency | DLC |
| Transcribing agency | DLC |
| Modifying agency | BAKER |
| -- | C#P |
| -- | YDXCP |
| -- | DLC |
| 050 00 - LIBRARY OF CONGRESS CALL NUMBER | |
| Classification number | HM467 |
| Item number | .S34 2008 |
| 082 00 - DEWEY DECIMAL CLASSIFICATION NUMBER | |
| Classification number | 301.0943 |
| Edition number | 22 |
| Item number | SCH |
| 100 1# - MAIN ENTRY--PERSONAL NAME | |
| Personal name | Scheuerman, William E., |
| Dates associated with a name | 1965- |
| 9 (RLIN) | 24291 |
| 245 10 - TITLE STATEMENT | |
| Title | Frankfurt School Perspectives on Globalization, Democracy, and the Law / |
| Statement of responsibility, etc | William E. Scheuerman. |
| 260 ## - PUBLICATION, DISTRIBUTION, ETC. (IMPRINT) | |
| Place of publication, distribution, etc | New York : |
| Name of publisher, distributor, etc | Routledge, 2008 |
| Date of publication, distribution, etc | 2008. |
| 300 ## - PHYSICAL DESCRIPTION | |
| Extent | viii, 212 p. ; |
| Dimensions | 24 cm. |
| 490 ## - Series Statement | |
| -- | 24288 |
| Series statement | Routledge Studies in Social and Political Thought ; |
| -- | 55 |
| 504 ## - BIBLIOGRAPHY, ETC. NOTE | |
| Bibliography, etc | Includes bibliographical references (p. [197]-205) and index. |
| 600 10 - SUBJECT ADDED ENTRY--PERSONAL NAME | |
| Personal name | Neumann, Franz L. |
| Fuller form of name | (Franz Leopold), |
| Dates associated with a name | 1900-1954. |
| 9 (RLIN) | 24292 |
| 600 10 - SUBJECT ADDED ENTRY--PERSONAL NAME | |
| Personal name | Habermas, Jurgen. |
| 9 (RLIN) | 24293 |
| 650 #0 - SUBJECT ADDED ENTRY--TOPICAL TERM | |
| Topical term or geographic name as entry element | Frankfurt school of sociology. |
| 9 (RLIN) | 24294 |
| 650 #0 - SUBJECT ADDED ENTRY--TOPICAL TERM | |
| Topical term or geographic name as entry element | International economic integration. |
| 9 (RLIN) | 24295 |
| 650 #0 - SUBJECT ADDED ENTRY--TOPICAL TERM | |
| Topical term or geographic name as entry element | Globalization. |
| 9 (RLIN) | 24296 |
| 650 #0 - SUBJECT ADDED ENTRY--TOPICAL TERM | |
| Topical term or geographic name as entry element | Rule of law. |
| 9 (RLIN) | 24297 |
| 856 41 - ELECTRONIC LOCATION AND ACCESS | |
| Materials specified | Table of contents only |
| Uniform Resource Identifier | <a href="http://www.loc.gov/catdir/toc/ecip0724/2007032565.html">http://www.loc.gov/catdir/toc/ecip0724/2007032565.html</a> |
| 856 42 - ELECTRONIC LOCATION AND ACCESS | |
| Materials specified | Publisher description |
| Uniform Resource Identifier | <a href="http://www.loc.gov/catdir/enhancements/fy0835/2007032565-d.html">http://www.loc.gov/catdir/enhancements/fy0835/2007032565-d.html</a> |
| 856 42 - ELECTRONIC LOCATION AND ACCESS | |
| Materials specified | Contributor biographical information |
| Uniform Resource Identifier | <a href="http://www.loc.gov/catdir/enhancements/fy1102/2007032565-b.html">http://www.loc.gov/catdir/enhancements/fy1102/2007032565-b.html</a> |
| 942 ## - ADDED ENTRY ELEMENTS (KOHA) | |
| Source of classification or shelving scheme | Dewey Decimal Classification |
| Item type | Book - Borrowing |
| Withdrawn status | Item status | Source of classification or shelving scheme | Damaged status | Not for loan | Vendor | Home library | Current library | Shelving location | Date acquired | Source of acquisition | Cost, normal purchase price | Serial Enumeration / chronology | Total Checkouts | Total Renewals | Full call number | Barcode | Date last seen | Date last borrowed | Koha item type |
|---|---|---|---|---|---|---|---|---|---|---|---|---|---|---|---|---|---|---|---|
| Dewey Decimal Classification | Baccah | Central Library | Central Library | First floor | 29/05/2011 | 962.00 | 12334 | 3 | 3 | 301.0943 SCH | 000023765 | 15/07/2025 | 05/10/2015 | Book - Borrowing |